000 00500nam a22001577a 4500
999 _c40614
_d40614
003 OSt
005 20211201122720.0
008 191015b ||||| |||| 00| 0 eng d
020 _a9789332546998
040 _coclc
082 _a153.94
_bKHA/T
100 _aKhattar, Dinesh
_98396
245 _aThe Pearson Guide to Quantitative Aptitude for Competitive Examinations /
_cDinesh Khattar
260 _aNoida:
_bPearson,
_c2017.
942 _2ddc
_cBK
_h153.94
_iKHA/T
_k153.94
_mKHA/T